Welcome to CU Library Online Public Access Catalogue (OPAC)

Acts of the Holy Spirit / (Record no. 7010)

MARC details
000 -LEADER
fixed length control field 00499cam a22001814a 4500
001 - CONTROL NUMBER
control field 12131487
005 - DATE AND TIME OF LATEST TRANSACTION
control field 20250716164712.0
008 - FIXED-LENGTH DATA ELEMENTS--GENERAL INFORMATION
fixed length control field 000804s2000 caub b 001 0 eng
020 ## - INTERNATIONAL STANDARD BOOK NUMBER
International Standard Book Number 0830720413
020 ## - INTERNATIONAL STANDARD BOOK NUMBER
International Standard Book Number 9780830720415
050 00 - LIBRARY OF CONGRESS CALL NUMBER
Classification number BS2625.3
Item number .W348 2000
082 00 - DEWEY DECIMAL CLASSIFICATION NUMBER
Classification number 226.6/077
Edition information 21
100 1# - MAIN ENTRY--PERSONAL NAME
Personal name Wagner, C. Peter.
245 10 - TITLE STATEMENT
Title Acts of the Holy Spirit /
Statement of responsibility, etc. C. Peter Wagner.
260 ## - PUBLICATION, DISTRIBUTION, ETC.
Place of publication, distribution, etc. Ventura, Calif. :
Name of publisher, distributor, etc. Regal Books,
Date of publication, distribution, etc. c2000.
300 ## - PHYSICAL DESCRIPTION
Extent 556 p. :
Other physical details 1 map ;
Dimensions 22 cm.
942 ## - ADDED ENTRY ELEMENTS (KOHA)
Source of classification or shelving scheme Library of Congress Classification
Koha item type Books
Suppress in OPAC No
999 ## -
-- 7010
-- 7010
Holdings
Withdrawn status Lost status Source of classification or shelving scheme Damaged status Not for loan Collection Home library Current library Shelving location Date acquired Total checkouts Full call number Barcode Date last seen Copy number Price effective from Koha item type
    Library of Congress Classification     Non-fiction Undergraduate Library (Christ Temple) Undergraduate Library (Christ Temple) General stacks 07/16/2025   BS 2625.3 WAG ulct00003904 07/16/2025 1 07/16/2025 Books
    Library of Congress Classification     Non-fiction Undergraduate Library (Christ Temple) Undergraduate Library (Christ Temple) General stacks 07/16/2025   BS 2625.3 WAG ulct00003905 07/16/2025 2 07/16/2025 Books
    Library of Congress Classification     Non-fiction Undergraduate Library (Christ Temple) Undergraduate Library (Christ Temple) General stacks 07/17/2025   BS2625.3W3U8 WAG ulct00003924 07/17/2025 1 07/17/2025 Books
© 2023-2024 Copyright: Central University Libraries. All Rights Reserved | Created by: Mahone Tech Office